Central Library OPAC University of Rajshahi

নীতিশাস্ত্রের পরিচয় / (Record no. 40079)

MARC details
000 -LEADER
fixed length control field 00830nam a2200241 a 4500
001 - CONTROL NUMBER
control field 40079
003 - CONTROL NUMBER IDENTIFIER
rucl marc code BD-RjUL
005 - DATE AND TIME OF LATEST TRANSACTION
control field 20211209053130.0
008 - FIXED-LENGTH DATA ELEMENTS--GENERAL INFORMATION
fixed length control field 160421s19751967bg |||| |||| 00| 0 ben d
020 ## - INTERNATIONAL STANDARD BOOK NUMBER
Terms of availability : Tk. 16.00
035 ## - SYSTEM CONTROL NUMBER
System control number (BD-RjUL)40194
040 ## - CATALOGING SOURCE
Original cataloging agency BD-RjUL
Language of cataloging ben
Transcribing agency BD-RjUL
041 ## - LANGUAGE CODE
Language code of text/sound track or separate title ben
082 ## - DEWEY DECIMAL CLASSIFICATION NUMBER
Edition number 23
Classification number 170
Author mark and year ALN 1975
100 ## - MAIN ENTRY--PERSONAL NAME
Personal name আলম, রশীদুল
9 (RLIN) 117062
245 10 - TITLE STATEMENT
Title নীতিশাস্ত্রের পরিচয় /
Statement of responsibility, etc. রশীদুল আলম
250 ## - EDITION STATEMENT
Edition statement ৪র্থ সং.
260 ## - PUBLICATION, DISTRIBUTION, ETC. (IMPRINT)
Place of publication, distribution, etc. ঢাকা :
Name of publisher, distributor, etc. আলী পাবলিকেশনস,
Date of publication, distribution, etc. ১৯৬৭ [ মুদ্রণ ১৯৭৫]
300 ## - PHYSICAL DESCRIPTION
Pagination [০৮] ৩০৩ পৃ. ;
Size ২৩ সেমি.
650 ## - SUBJECT ADDED ENTRY--TOPICAL TERM
Topical term or geographic name as entry element নীতিশাস্ত্র
9 (RLIN) 123416
Topical term or geographic name as entry element Ethics
9 (RLIN) 117425
942 ## - ADDED ENTRY ELEMENTS (KOHA)
Source of classification or shelving scheme Dewey Decimal Classification
Koha item type Books
Holdings
Lost status Source of classification or shelving scheme Damaged status Not for loan Collection code Permanent Location Current Location Shelving location Date acquired Source of acquisition Cost, normal purchase price Total Checkouts Full call number Date last seen Date checked out Copy number Koha item type
  Dewey Decimal Classification     Non-fiction Central Library, University of Rajshahi Central Library, University of Rajshahi   27/03/1977 Eureca Book Agent 16.00 6 B 170 ALN 1975 13/11/2024 23/10/2024 C-3 Books
  Dewey Decimal Classification     Non-fiction Central Library, University of Rajshahi Central Library, University of Rajshahi   27/06/1977 Eureka Book Agency, Rajshahi 16.00 8 B 170 ALN 1975 26/09/2023 07/09/2023 C-2 Books